Loading...
| Science - Chemistry | 0 | 5 | 0 | 0 | 50 | 47 | 71.40 | 1 | 5 | 13.75 | 28.00 |
| Fine Arts - Painting and Sculpture | 0 | 4 | 0 | 1 | 40 | 90 | 100.75 | 0 | 1 | 3.87 | 14.00 |
| Fine Arts - Classical Music | 0 | 4 | 0 | 1 | 40 | 87 | 105.25 | 0 | 2 | 5.26 | 16.00 |
| Religion | 0 | 3 | 0 | 2 | 30 | 98 | 115.33 | 0 | 1 | 0.36 | 14.00 |
| History - European | 0 | 3 | 0 | 1 | 30 | 77 | 92.67 | 0 | 0 | 2.99 | 6.32 |
| Literature - British | 0 | 3 | 0 | 2 | 30 | 64 | 95.00 | 1 | 1 | 3.30 | 10.00 |
| Science - Biology | 0 | 3 | 1 | 0 | 25 | 67 | 71.33 | 0 | 2 | 10.96 | 18.00 |
| Current Events | 0 | 2 | 0 | 1 | 20 | 61 | 83.50 | 0 | 1 | 12.98 | 25.00 |
| Geography | 0 | 2 | 0 | 1 | 20 | 95 | 98.00 | 0 | 2 | 2.73 | 20.00 |
| Literature - American | 0 | 2 | 0 | 0 | 20 | 91 | 101.00 | 0 | 1 | 3.36 | 10.00 |
| Social Science | 0 | 2 | 1 | 1 | 15 | 94 | 100.50 | 0 | 0 | 1.82 | 5.00 |
| History - World | 0 | 2 | 1 | 2 | 15 | 107 | 108.00 | 0 | 0 | 0.00 | 4.00 |
| Fine Arts - Other | 0 | 1 | 0 | 0 | 10 | 103 | 103.00 | 0 | 1 | 0.00 | 6.00 |
| Popular Culture | 0 | 1 | 0 | 0 | 10 | 116 | 116.00 | 0 | 0 | 0.14 | 6.67 |
| Literature - European | 0 | 1 | 0 | 0 | 10 | 110 | 110.00 | 0 | 0 | 0.43 | 4.00 |
| Mythology | 0 | 1 | 0 | 1 | 10 | 122 | 122.00 | 0 | 0 | 0.00 | 2.00 |
| History - Other | 0 | 2 | 3 | 1 | 5 | 108 | 109.00 | 0 | 1 | 0.77 | 6.00 |
| Science - Other | 0 | 1 | 1 | 1 | 5 | 108 | 108.00 | 0 | 1 | 0.00 | 2.00 |
| Philosophy | 0 | 0 | 0 | 0 | 0 | 0.00 | 0 | 0 | 0.00 | 0.00 |